000 00426nam a2200157Ia 4500
008 230917s9999||||xx |||||||||||||| ||und||
020 _cPON8.95
040 _e20002
_aMAIN
041 _aEnglish
082 _a301.54 B396F
100 _aBeirne, Piers
245 0 _aFair rent and legal fiction: Housing rent legalisation in a capatislist society
260 _aLondon
_bMacmillan
_c1977
300 _ax, 241 p.
942 _cBK
999 _c210827
_d210827